Nesubjektívne formy podnikania (zmluva o združení a zmluva o tichom spoločenstve) diplomová práca

Salvato in:
Dettagli Bibliografici
Autore principale: Birešová, Monika
Ente Autore: Obchodná fakulta EU. Katedra obchodného práva
Altri autori: Holub, Dušan
Natura: Libro
Lingua:slovacco
Pubblicazione: Bratislava 2013
Tags: Aggiungi Tag
Nessun Tag, puoi essere il primo ad aggiungerne!!

MARC

LEADER 00000nbm a2200000 4500
001 0169711
005 20161109102321.8
041 0 |a slo 
044 |a SK 
245 1 0 |a Nesubjektívne formy podnikania (zmluva o združení a zmluva o tichom spoločenstve)  |b diplomová práca  |c Monika Birešová ; školiteľ: Dušan Holub 
264 1 |a Bratislava  |c 2013 
300 |a 81 s. 
100 1 |a Birešová, Monika 
700 1 |a Holub, Dušan 
710 2 |a Obchodná fakulta EU. Katedra obchodného práva